| 000 | 00544nam a2200169Ia 4500 | ||
|---|---|---|---|
| 999 |
_c846 _d846 |
||
| 003 | OSt | ||
| 005 | 20200915125915.0 | ||
| 008 | 190216s9999||||xx |||||||||||||| ||und|| | ||
| 040 | _coclc | ||
| 082 |
_a492.7 _bSAK/C |
||
| 100 |
_aSakker, N V Yousuf _94598 |
||
| 245 | 0 |
_aCommunicative Arabic With Applied Translation / _cN V Yousuf Sakker ; Fazlullah K T ; Abdul Majeed A I |
|
| 260 |
_bMalabar Publishing House, _c2010. _aValavannur: |
||
| 300 | _a160p | ||
| 650 | _aArabic | ||
| 942 |
_cBK _2ddc _h492.7 _iSAK/C _k492.7 _mSAK/C |
||